Information technology in library and information services (Record no. 1227952)

MARC details
000 -LEADER
fixed length control field 00641nam a2200217Ia 4500
005 - DATE AND TIME OF LATEST TRANSACTION
control field 20241129110249.0
008 - FIXED-LENGTH DATA ELEMENTS--GENERAL INFORMATION
fixed length control field 241129s9999||||xx |||||||||||||| ||und||
020 ## - INTERNATIONAL STANDARD BOOK NUMBER
International Standard Book Number 978-1-6668-8899-7
037 ## - SOURCE OF ACQUISITION
Stock number TB
040 ## - CATALOGING SOURCE
Original cataloging agency ARTS
Language of cataloging eng
Transcribing agency ARTS
041 ## - LANGUAGE CODE
Language code of text/sound track or separate title eng
Source of code eng
084 ## - COLON CLASSIFICATION NUMBER
Classification number 2N7 R2(2D)
Assigning agency ARTS
100 ## - MAIN ENTRY--PERSONAL NAME
Personal name Bradshaw Scott Au.
9 (RLIN) 727623
245 #0 - TITLE STATEMENT
Title Information technology in library and information services
Statement of responsibility, etc. Bradshaw Scott Au.
260 ## - PUBLICATION, DISTRIBUTION, ETC.
Place of publication, distribution, etc. Wilmington, USA
Name of publisher, distributor, etc. Wilmington Kaufman Press
Date of publication, distribution, etc. 2022
300 ## - PHYSICAL DESCRIPTION
Extent xiv,321p.
365 ## - TRADE PRICE
Price type code USD
Price amount 185
650 ## - SUBJECT ADDED ENTRY--TOPICAL TERM
Topical term or geographic name entry element Library Science
942 ## - ADDED ENTRY ELEMENTS (KOHA)
Koha item type Textbook
Classification part 2N7 R2(2D)
Holdings
Withdrawn status Lost status Damaged status Not for loan Home library Current library Date acquired Source of acquisition Cost, normal purchase price Inventory number Total Checkouts Full call number Barcode Date last seen Price effective from Koha item type
        Arts Library Arts Library 2024-11-29 Indica Publisher & Distributors Pvt. Ltd. 185.00 2023-24/1735 & 09/02/2024   2N7 R2(2D) AL1803987 2024-11-29 2024-11-29 Textbook
Copyright @ Delhi University Library System